000 00288nam a2200145Ia 4500
100 _aBYRNE/RHONDA
650 _aGeneral
942 _cBK
366 _f20
245 _aTHE SECRET
260 _bBHOPAL
_aMANJUL PUBL.
_c2012
082 _a808.83/BYR
300 _a206
546 _aENGLISH
999 _c28109
_d28109